| 000 | 00402pab a2200169 454500 | ||
|---|---|---|---|
| 008 | 180718b1998 xxu||||| |||| 00| 0 eng d | ||
| 100 | _aNair, Tara | ||
| 245 | _aSwadeshi as a camouflage | ||
| 260 | _c1998 | ||
| 300 | _ap.11-12 | ||
| 362 | _a4 & 11 Mar | ||
| 650 | _aDomestic trade - India | ||
| 650 | _aDomestic trade | ||
| 650 | _aIndustrial policy | ||
| 773 | _aYoung Indian | ||
| 909 | _a37042 | ||
| 999 |
_c37042 _d37042 |
||